LEADER 01207nam a2200241 i 4500 001 000000163797 003 CaOOAMICUS 005 20070820000000.0 008 070820n it u000 u ita u 013 $a141164 040 $aSeMil$bita 100 1 $aTedeschini, Federico .$0(OLS)http://semarc/name/33265 245 10$aDiscorso inaugurale in lode di San Luigi Maria da Montfort :$b(8 dicembre 1948) /$cFederico Tedeschini. 260 $aRoma :$bTipografia Pio 10.,$c[1948] 300 $a38 p. :$bill. ;$c24 cm. 600 14$aGrignion de Montfort, Luigi Maria .$0(OLS)http://semarc/subject/14988 850 $aSeMil 852 $aSeMil$W1$xVenegono$y1$m5C IX 3/14$j115091$B115091$CSeMilBibl$Z2$F126167 $86 852 $aSeMil$W1$xVenegono$y1$m5C VIII 3/9$j264566$B256094$CSeMilBibl$Z2$F256094 $86 961 $aOmaggio: Altro 961 $aCon dedica autografa [dell?autore] a don Pietro Gorla prevosto di S. Stefano in Milano (Treviglio, 23 giugno 1949) 996 $6245$aDiscorso inaugurale in lode di San Luigi Maria da Montfort :$b(8 dicembre 1948)$9(OLS)http://semarc/title/233698 996 $6260$aRoma :$bTipografia Pio 10.$9(OLS)http://semarc/publisher/48536 LEADER 00802nam a2200217 i 4500 001 000000085920 003 CaOOAMICUS 005 20240403125049.0 008 180830s1980 xx u000 u und u 013 $a58160 040 $aSeMil$bita 100 1 $aTaylor, John Russell.$0(OLS)http://semarc/name/39713 245 10$aHitch. La vita e l'opera di Alfred Hitchock. 260 $aMilano :$bGarzanti,$c1980. 300 $a414 p. 600 14$aHitchcock, Alfred <1899-1980>.$0(OLS)http://semarc/subject/31026 850 $aSeMil 852 $aSeMil$W1$xVenegono$y1$m60 3 3 *$j49729$B49729$CSeMilBibl$Z2$F53519 $81 996 $6245$aHitch. La vita e l'opera di Alfred Hitchock$9(OLS)http://semarc/title/132367 996 $6260$aMilano :$bGarzanti$9(OLS)http://semarc/publisher/29852